20 Country Snapshot III Quiz Stats

 Plays Quiz Updated May 3, 2016

Challenge
Share
Tweet
Score 0/20 Timer 02:00
0 Plays Today
% Correct
Niger
93.4%
Nigeria
91.7%
Cote d'Ivoire
89.9%
Ghana
85.8%
Mali
85.3%
Togo
82%
Guinea
81.1%
Senegal
80.4%
Liberia
80.1%
Cameroon
77.2%
% Correct
Benin
76.9%
The Gambia
75%
Sierra Leone
74.9%
Equatorial Guinea
73.8%
Mauritania
73.3%
Guinea-Bissau
72.7%
Burkina Faso
72.1%
Cabo Verde
68.6%
Gabon
68.2%
São Tomé and Príncipe
62%

You're not logged in!

Compare scores with friends on all Sporcle quizzes.
Join for Free
OR
Log In

You Might Also Like...

Show Comments

Extras

Top Quizzes Today


Score Distribution

Your Account Isn't Verified!

In order to create a playlist on Sporcle, you need to verify the email address you used during registration. Go to your Sporcle Settings to finish the process.

Report this User

Report this user for behavior that violates our Community Guidelines.

Details: